Η επίδραση της εθνικής κουλτούρας στις προτιμήσεις ιδιωτικότητας των χρηστών του Facebook : μεταπτυχιακή διατριβή
Η εκάστοτε διπλωματική εργασία αναλύει την έρευνα που διεξάγεται σε πέντε χώρες (Ινδία, Νότια Κορέα, Μαλαισία, Καναδά και Βραζιλία)σε σχέση με την κουλτούρα που προβάλουν μέσα απο το Κοινωνικό Δίκτυο που ονομάζεται Facebook. Η έρευνα συγκρίνεται με τις πέντε διαστάσεις του Hofstede....
Αποθηκεύτηκε σε:
| Κύριος συγγραφέας: | |
|---|---|
| Συγγραφή απο Οργανισμό/Αρχή: | |
| Άλλοι συγγραφείς: | |
| Μορφή: | Thesis Βιβλίο |
| Γλώσσα: | Greek |
| Δημοσίευση: |
2012.
|
| Θέματα: | |
| Διαθέσιμο Online: | http://hdl.handle.net/11610/12591 |
| Ετικέτες: |
Προσθήκη ετικέτας
Δεν υπάρχουν, Καταχωρήστε ετικέτα πρώτοι!
|
MARC
| LEADER | 00000cam a2200000 i 4500 | ||
|---|---|---|---|
| 001 | 1/18867 | ||
| 008 | 120405s2012 gr | ||| |||| ||gre|| | ||
| 035 | |l 10112222 | ||
| 040 | |a GR-MyUA |b gre |e AACR2 | ||
| 041 | 0 | |a gre | |
| 082 | 0 | |a 302.30285 |2 (22) | |
| 100 | 1 | |a Γεροντή, Αγγελική. | |
| 245 | 1 | 2 | |a Η επίδραση της εθνικής κουλτούρας στις προτιμήσεις ιδιωτικότητας των χρηστών του Facebook : |b μεταπτυχιακή διατριβή / |c Αγγελική Γεροντή, Μαρία Βερυκόκκου ; επιβλέπων καθηγητής Σπυρίδων Κοκολάκης. |
| 260 | |c 2012. | ||
| 300 | |a 187 σ. : |b εικ. ; |c 30 εκ. | ||
| 502 | |a Διατριβή (μεταπτυχιακή) – Πανεπιστήμιο Αιγαίου, Σάμος, 2012. | ||
| 504 | |a Βιβλιογραφία: σ. 182-187. | ||
| 506 | 0 | |a Διάθεση πλήρους κειμένου - Ελεύθερη πρόσβαση. | |
| 520 | |a Η εκάστοτε διπλωματική εργασία αναλύει την έρευνα που διεξάγεται σε πέντε χώρες (Ινδία, Νότια Κορέα, Μαλαισία, Καναδά και Βραζιλία)σε σχέση με την κουλτούρα που προβάλουν μέσα απο το Κοινωνικό Δίκτυο που ονομάζεται Facebook. Η έρευνα συγκρίνεται με τις πέντε διαστάσεις του Hofstede. | ||
| 540 | |a Κλειδωμένη η δυνατότητα αντιγραφής (copy) του κειμένου. | ||
| 610 | 2 | 0 | |a University of the Aegean |x Dissertations. |
| 630 | 0 | 0 | |a Facebook (Electronic resource) |
| 650 | 0 | 0 | |a Online social networks. |
| 650 | 0 | 0 | |a Privacy, Right of. |
| 650 | 0 | 0 | |a Dissertations, Academic |z Greece. |
| 700 | 1 | |a Βερυκόκκου, Μαρία, |e dis | |
| 700 | 1 | |a Κοκολάκης, Σπύρος, |e dgs | |
| 710 | 2 | |a Πανεπιστήμιο Αιγαίου. |b Σχολή Θετικών Επιστημών. |b Τμήμα Μηχανικών Πληροφοριακών και Επικοινωνιακών Συστημάτων. |b Π.Μ.Σ. Τεχνολογίες και Διοίκηση Πληροφοριακών και Επικοινωνιακών Συστημάτων. |b Ασφάλεια Πληροφοριακών και Επικοινωνιακών Συστημάτων. | |
| 852 | |a INST |b SAMOS |c DIATR |e 20120405 |h 302.30285 ΓΕΡ |p 005300033887 |q 005300033887 |t MTXE |y 23 | ||
| 852 | |a INST |b SAMOS |c DIATR |e 20120405 |h 302.30285 ΓΕΡ |p 005300033888 |q 005300033888 |t MTXE |y 23 | ||
| 856 | |u http://hdl.handle.net/11610/12591 | ||
| 901 | |a BIBL3-2012-1 | ||
| 909 | |a Σ |b 172199 | ||
| 909 | |a Σ |b 172200 | ||
| 924 | |a ΓΕΡΟΝΤΗ |b ΑΓΓΕΛΙΚΗ |y Σάμος |z 2012-02 | ||
| 970 | |a ΚΟΣΙΕΡΗΣ |b ΧΡΗΣΤΟΣ |z 2012/04/04 | ||